000 00608nam a22002057a 4500
003 BUBTL
008 160905b xxu||||| |||| 00| 0 eng d
082 _a515.33/ M7259d/ 2001
100 _aMohammad, Khosh/ Bhattacharjee,P.K./ Latif,Abdul
_95470
245 _aA Text Book On Differential Calculus
250 _a10th
260 _aDhaka
_bNew Book Palace
_cc2001
300 _a[xx],388p.
_c23cm.
650 0 _9124
_aMathematics
700 _9851
_aMohammad,Khosh/ Bhattacharjee,P.K./ Latif,Abdul
760 _b10th
856 _k0
_l0
_yDownload
942 _2ddc
_cBK
999 _c5354
_d5354